000 00612naa a2200181 4500
005 20110623164437.0
020 _a9780195676684
_c235.00
037 _bOxford University Press
100 _aKakar, Sudhir
_928738
245 _aCulture and psyche:
_cby Sudhir Kakar
_bselected essays /
250 _a2nd ed.
260 _aNew Delhi
_bOxford University Press
_c2010
270 _aYMCA Library Building, Jai Singh Road
_bNew Delhi
_e110001
300 _ax, 144p
_c24cm (pbb)
500 _aIncludes index
942 _2ddc
_cEN
_mKAK
999 _c53126
_d53126